| 000 | 01043cam a2200301 a 4500 | ||
|---|---|---|---|
| 008 | 070530s2006 sp b 000 0 spa d | ||
| 010 | _a 2007418711 | ||
| 020 | _a3865273122 (Vervuert) | ||
| 020 | _a8484892913 (Iberoamericana) | ||
| 020 | _a9788484892915 | ||
| 040 |
_aPL# _cPL# _dOHX _dNNC _dDLC |
||
| 050 | 0 | 0 |
_aPQ7081 _b.A457 2006 |
| 092 | 0 | 4 |
_a860.8098 _bA296 _221 |
| 099 |
_a04 _a860.8098 A296 |
||
| 100 | 1 |
_aAinsa, Fernando, _d1937- |
|
| 245 | 1 | 0 |
_aDel topos al logos : _bpropuestas de geopoetica / _cFernando Ainsa. |
| 260 |
_aMadrid : _bIberoamericana ; _aFrankfurt am Main : _bVervuert, _c2006. |
||
| 300 |
_a303 p. ; _c22 cm. |
||
| 490 | 1 |
_aCritica practicante. Ensayos latinoamericanos ; _v2 |
|
| 504 | _aIncludes bibliographical references (p. 291-303). | ||
| 650 | 0 |
_aSpanish American literature _xHistory and criticism. |
|
| 830 | 0 |
_aCrâitica practicante ; _v2. |
|
| 902 | _a1 | ||
| 905 |
_aJamal _eRev. |
||
| 905 |
_aJihan _eCat. |
||
| 942 |
_2ddc _cBK |
||
| 999 |
_c130163 _d130163 |
||